000 00689nam a2200229Ia 4500
003 OSt
005 20241111113531.0
008 210716s9999 xx 000 0 und d
020 _a9788122423822
040 _cAIMIT LIBRARY
041 _aeng
082 _a651.7
_21
_bGOPN
100 _aGopal Namita.
_9184878
245 _aBusiness communication /
_cBy Namita Gopal.
250 _a1st ed.
260 _aNew Delhi :
_bNew Age International Pvt Ltd ,
_c2009.
300 _aix,412p. ;
_bPB
_c24.7 cm
650 _aOral communication
_9184879
650 _aUsing software applications and the internet
_9184880
650 _aBusiness english
_9184881
942 _2ddc
_cBK
_e1st
_k651.7 GOPN
999 _c204789
_d204789